The Vampire Diaries - Actors to Characters - Statistics

General Stats
  • This quiz has been taken 1,747 times
    1,746 since last reset
  • The average score is 15 of 17
Answer Stats
Hint Answer % Correct
Nina Dobrev Elena Gilbert
100%
Katherine Pierce
97%
Paul Wesley Stefan Salvatore
96%
Ian Somerhalder Damon Salvatore
94%
Candice King Caroline Forbes
93%
Katerina Graham Bonnie Bennett
92%
Joseph Morgan Niklaus Mikaelson
89%
Silas
89%
Zach Roerig Matt Donovan
87%
Michael Trevino Tyler Lockwood
87%
Steven R. McQueen Jeremy Gilbert
86%
Matthew Davis Alaric Saltzman
84%
Amara
84%
Sara Canning Jenna Sommers
80%
Tom Avery
76%
Michael Malarkey Lorenzo St. John
72%
Kayla Ewell Vicki Donovan
68%
No matching quizzes found
Score Distribution
Percent of People with Each Score
Percentile by Number Answered
Your Score History
You have not taken this quiz since the last reset